00617nam a22001937a 450000500170000001000150001702000260003203500130005803700130007108200120008410000170009624501070011326000360022027000530025630000260030950000190033565000500035470000190040420171017141234.0 aENG-107324 a9789380902937c995.00 aEN-90857 bDBAD/PUB a882.009 aP. Gopichand aPerspectives on Indian drama in English:cby P. Gopichand [and] P. Nagasuseela bsplendorous reality / aJaipurbAadi Publicationsc2012 a18,Jain Bhawan Opp. Shanti NagarbJaipure302006 aviii, 279p.c22cm(Hb) aIncludes index aIndic drama (English) xHistory and criticism aP. Nagasuseela